000 00638nam a2200277Ia 4500
005 20260324135123.0
008 008 260324s9999 xx 000 0 eng d
020 _a9781315073545
037 _aEBOOK
040 _aCRL
040 _beng
040 _cCRL
041 _2eng
041 _aeng
084 _qCRL
100 _aCarmen Blacker
_91199414
245 0 _aCarmen Blacker - Collected Writings
260 _bTaylor and Francis
260 _c2000
365 _a
365 _b420
856 _uhttp://www.taylorfrancis.com/books/9781315073545
942 _cEBOOK
999 _c1800163
_d1800163